| 000 | 00392nam a2200169Ia 4500 | ||
|---|---|---|---|
| 008 | 210210b1925 xxu||||| |||| 00| 0 eng d | ||
| 041 | _aeng | ||
| 082 | _a825/619 | ||
| 100 | _aNORWOOD (G) | ||
| 245 | _aWriters of greece | ||
| 260 |
_aLondon _bOxford University Press _c1925 |
||
| 650 | _aWriters | ||
| 650 | _aof | ||
| 650 | _agreece | ||
| 690 | _aEnglish Criticism | ||
| 906 | _a014935 | ||
| 999 |
_c134165 _d134165 |
||